Sports Quiz

Random Sports or NFL Quiz
Score 0/20 Timer 04:00
1 Play Today
% Correct
(NY) Jets
83.4%
(Winnipeg) Jets
83.4%
Jaguars
82.4%
Athletics
81.3%
(SF) Giants
80.5%
(NY) Giants
80.5%
Wizards
70.1%
Angels
68.2%
Heat
67.1%
Astros
65.4%
% Correct
Avalanche
65.3%
Hawks
60%
Warriors
59.3%
Jazz
51.3%
Hornets
49.5%
Grizzlies
47.5%
Wild
46%
White Sox
44%
Hurricanes
39.1%
Golden Knights
28.3%
Remove Ads.
Support Sporcle.
Get the best of Sporcle when you Go Orange. This ad-free experience offers more features, more stats, and more fun while also helping to support Sporcle. Thank you for becoming a member.

You're not logged in!

Compare scores with friends on all Sporcle quizzes.
OR
Log In

Show Comments

Extras

Top Quizzes Today


Score Distribution

Your Account Isn't Verified!

In order to create a playlist on Sporcle, you need to verify the email address you used during registration. Go to your Sporcle Settings to finish the process.

Report this User

Report this user for behavior that violates our Community Guidelines.

Details: